000 00548nam a2200193Ia 4500
005 20250508153445.0
008 008 250505s9999 xx 000 0 eng d
037 _aTextual
040 _aFEDL
_beng
_cFEDL
041 _aeng
_2eng
084 _a155.4, ENG
_qFEDL
100 _aEnglish Horace B.
_988145
245 0 _aDynamics of child development
260 _aNew York, USA
_bHolt, Rinehart and Winston
_c1962
300 _axiii,461p.
650 _aChild Psychology
942 _cTEXL
_h155.4, ENG
999 _c1343019
_d1343019